Tibet az Interneten
Elmentve itt :
| Szerző: | |
|---|---|
| Adatforrás: | Meister |
| Forrásdokumentuma: | Korunk. - 8 sz., 1998, 117-120 p. |
| Nyelv: | magyar |
| Kulcsszavak: | politikatörténet tibetológia kínaiak Internet Kína Tibet |
| LEADER | 00465nab a2200193 i 4500 | ||
|---|---|---|---|
| 001 | bibPRO00000708 | ||
| 008 | 060524s1998 xx hun | ||
| 040 | |a Sz1 | ||
| 041 | |a hun | ||
| 100 | 1 | |a SZÁNTÓ Péter | |
| 245 | 1 | 0 | |a Tibet az Interneten |c SZÁNTÓ Péter |
| 695 | |a politikatörténet | ||
| 695 | |a tibetológia | ||
| 695 | |a kínaiak | ||
| 695 | |a Internet | ||
| 695 | |a Kína | ||
| 695 | |a Tibet | ||
| 695 | |a Internet | ||
| 773 | 0 | |t Korunk. - |g 8 sz., 1998, 117-120 p. | |